LEADER 00542nab a2200145 i 4500 001 000000267077 003 CaOOAMICUS 005 20180831164746.0 008 180831n xx uu u0 0und r 013 $a11515 040 $aSeMil$bita 245 10$a[vedi periodico]. 500 $a2005-2006. 773 0 $aGiaconi, Elettra$tMonastero domenicano di S. Caterina da Siena a Pistoia dalla fondazione alla soppressione (1477-1783).$dFirenze : Nerbini, 2006 (stampa 2007)$z978-88-88625-61-4$w()163313 996 $6245$a[vedi periodico]$9(OLS)http://semarc/title/309439 LEADER 00923nam a2200217 i 4500 001 000000035420 003 CaOOAMICUS 005 20120412000000.0 008 120412s1966 xx u000 u fre u 013 $a3668 040 $aSeMil$bita 100 1 $aCognet, Louis,$d<1917-1970>.$0(OLS)http://semarc/name/11760 245 13$aLa spiritualité moderne. L'essor :$b1500-1650 /$cLouis Cognet. 300 $a511 p. 650 4$aSpiritualità - Storia - Sec. 16.$0(OLS)http://semarc/subject/6429 650 4$aSpiritualità - Storia - Sec. 17.$0(OLS)http://semarc/subject/6077 773 0 $aBouyer, Louis <1913-2004>$tHistoire de la spiritualité chrétienne.$dParis : Aubier, 1960.$g3$w()26590 850 $aSeMil 852 $aSeMil$W1$xVenegono$y1$m2C V 84$j1575$B1575$CSeMilBibl$Z2$F1575 $81 961 $aAcquisto: Casa editrice 996 $6245$aLa spiritualité moderne. L'essor :$b1500-1650$9(OLS)http://semarc/title/48478